Los 15 países con mayor inmigracion Argentina - Estadísticas

Estadísticas generales
  • Esta prueba ha sido intentada 98 veces
  • La puntuación promedio es 13 de 15
Estadísticas de respuestas
Top N° de emigrantes
argentinos
Respuesta % Correcto
284.921 España
100%
79.253 Chile
98%
219.448 Estados Unidos
98%
14° 14.807 Mexico
98%
36.910 Brasil
97%
72.321 Italia
97%
33.022 Uruguay
96%
15° 11.385 Francia
94%
12° 17.900 Alemania
92%
11° 20.921 Canadá
92%
10° 26.854 Perú
90%
61.833 Paraguay
85%
47.601 Bolivia
83%
13° 16.688 Australia
75%
38.204 Israel
28%
No se encontraron pruebas coincidentes
Distribución de puntuación
Porcentaje de gente con cada puntuación
Porcentaje por número respondido
Historial de tus puntuaciones
No has intentado esta prueba.